EUKER: European Union Knowledge Economy Review scientific journal

Na minha lista:
Detalhes bibliográficos
Formato: Periódico
Idioma:eslovaco
Publicado em: Vranov nad Topľou European Union Knowledge Economy Pass 2015
Tags: Adicionar Tag
Sem tags, seja o primeiro a adicionar uma tag!

MARC

LEADER 00000nas2a2200000 4500
001 0212861
005 20170817140142.9
022 |a 1339-2786 
041 0 |a slo 
044 |a SK 
245 1 0 |a EUKER: European Union Knowledge Economy Review  |b scientific journal 
264 1 |a Vranov nad Topľou  |b European Union Knowledge Economy Pass  |c 2015 
773 0 |w eu_un_cat*0172094